000 00575nam a2200193Ia 4500
005 20260120124507.0
008 008 260114s9999 xx 000 0 eng d
020 _a9781787546547
037 _aEBOOK
040 _aCRL
_beng
_cCRL
041 _aeng
_2eng
084 _qCRL
245 0 _aHigher Education Funding and Access in International Perspective
260 _bEmerald Publishing
_c2018
700 _aSheila Riddell
_9907093
856 _uhttps://www.emerald.com/insight/publication/doi/10.1108/9781787546516
942 _cEBOOK
999 _c1498782
_d1498782